| 000 | 00872nam a2200253Ia 4500 | ||
|---|---|---|---|
| 003 | OSt | ||
| 005 | 20220918164339.0 | ||
| 006 | a|||||r|||| 00| 0 | ||
| 007 | ta | ||
| 008 | 220917b |||||||| |||| 00| 0 eng d | ||
| 020 |
_a0521604486 (pbk) _c2127.86 |
||
| 024 | _a246,594 | ||
| 037 |
_b10-11380, 18/03/2011, Atlantic Publisher & Dist.Pvt.Ltd. _cTextual |
||
| 040 |
_aARTS _cARTS _beng |
||
| 041 |
_2eng _aeng |
||
| 082 | _aO111:g(X56), N4 | ||
| 100 |
_aNicholson Colin _918464 |
||
| 245 | 0 |
_aWriting and the rise of finance _b Capital satires of the early eighteenth century |
|
| 260 |
_aCambridge _bCambridge University Press UK _c1994 |
||
| 300 |
_axvi,219p. _ccm. |
||
| 650 | _aENGLISH LITERATURE | ||
| 942 |
_hO111:g(X56), N4 _cTEXL _2CC |
||
| 999 |
_c124373 _d124373 |
||